000 00674nam a2200193Ia 4500
005 20250508163336.0
008 008 250505s9999 xx 000 0 eng d
037 _aBooks to be hide in OPAC
040 _aFEDL
_beng
_cFEDL
041 _aeng
_2eng
084 _a371.62, UNE/O
_qFEDL
100 _aConstantinos Fecadu
_9775168
245 0 _aInnovation in management of primary school construction: Multi-purpose primary schools buildings in Bangladesh
245 0 _cUNESCO
260 _aBangkok, Thailand
_bUNESCO Regional Office for Education in Asia and the Pacific
_c1988
300 _a43p.
942 _cHB
_h371.62, UNE/O
999 _c1382431
_d1382431